Guts and Blackpowder Quiz - Statistics

General Stats
  • This quiz has been taken 160 times
  • The average score is 9 of 15
Answer Stats
In Guts and Blackpowder... Answer % Correct
what was the name of the British soldier that assisted you in San Sebastian, before being mauled to death? Barry
98%
what gun does the seaman use? Blunderbuss
79%
failure to bless a player in time as a priest will result in them turning into a Runner. Including your Sapper turning into a ______. Zapper
71%
San Sebastian takes place in what nation? Spain
69%
what is the name of the zombie outbreak? The Blight
69%
which American map was NOT canon to the G&B lore? Sleepy Hollow
66%
what year do the events of Copenhagen take place? 1815
65%
what was the song that played at the end of Kaub? Ode to Joy
61%
during the events of Roscoff, what is the name of the American diplomat we are tasked to escort out of Brittany? William H. Crawford
61%
in what German kingdom do the events of Tyrolean Village take place in? Bavaria
59%
what is the name of the character that is only shown in Kaub, but is also mentioned in the Hougoumont newspaper? Blucher
58%
which item is considered to do the WORST damage in the game? Delicious Leg
53%
both Hougoumont and La Haye Sainte take place in what nation? Belgium
52%
during the events of the Catacombs of Paris, where is the bell rung? Notre-Dame
35%
in the sculpture room of Catacombes de Paris, you'll find a dead body hidden behind the sculpture. He presumably wrote the Bible Verse Graffiti in the room in a bid to explain the origins of the undead blight. What is the passage of this verse? Zechariah 14:12
5%
No matching quizzes found
Score Distribution
Percent of People with Each Score
Percentile by Number Answered
Your Score History
You have not taken this quiz